Kesavante vilapangal(കേശവൻെറ വിലാപങ്ങൾ) (Record no. 115322)

MARC details
000 -LEADER
fixed length control field 00254 a2200097 4500
020 ## - INTERNATIONAL STANDARD BOOK NUMBER
International Standard Book Number 9788171309481
100 ## - MAIN ENTRY--PERSONAL NAME
Personal name M. Mukundan
245 ## - TITLE STATEMENT
Title Kesavante vilapangal(കേശവൻെറ വിലാപങ്ങൾ)
260 ## - PUBLICATION, DISTRIBUTION, ETC. (IMPRINT)
Name of publisher, distributor, etc D C books
Date of publication, distribution, etc 2024
942 ## - ADDED ENTRY ELEMENTS (KOHA)
Koha item type On order/under processing
Holdings
Withdrawn status Lost status Damaged status Not for loan Home library Current library Date acquired Source of acquisition Cost, normal purchase price Total Checkouts Barcode Date last seen Cost, replacement price Price effective from Koha item type
        University Library University Library 02/03/2026 275 180.01   00097406 02/03/2026 270.00 02/03/2026 On order/under processing
University Library, CUSAT